[Event "LSS ZN-2023-0-04479"]
[Site "LSS email"]
[Date "2023.04.11"]
[Round "?"]
[White "Heiser, Jerome"]
[Black "Hughes, Peter J"]
[Result "1-0"]
[WhiteElo "633"]
[BlackElo "537"]
[PlyCount "55"]
[EventDate "2023.04.07"]
[EventType "match (corr)"]
[EventRounds "2"]
[EventCountry "GER"]
[SourceTitle "Corr 2024"]
[Source "ChessBase"]
[SourceDate "2023.10.19"]
[SourceVersion "1"]
[SourceVersionDate "2023.10.19"]
[SourceQuality "1"]

1. e4 e6 2. d4 d5 3. e5 Ne7 4. Bg5 Nbc6 5. Nf3 Qd7 6. Bb5 a6 7. Ba4 b5 8. Bb3 a5 9. a4 Ng6 10. 0-0 Be7 11. Nbd2 0-0 12. h3 b4 13. c3 f6 14. exf6 Bxf6 15. Re1 e5 16. Bxf6 gxf6 17. dxe5 fxe5 18. cxb4 Nxb4 19. Nxe5 Qf5 20. Ndf3 Nf4 21. Rc1 Ra7 22. Kf1 Ba6+ 23. Bc4 Bxc4+ 24. Kg1 Nbd3 25. b3 Nxe1 26. Qxe1 c6 27. Nxc6 Ra6 28. Ne7+ 1-0

[Event "LSS ZN-2023-0-04479"]
[Site "LSS email"]
[Date "2023.04.11"]
[Round "?"]
[White "Hughes, Peter J"]
[Black "Heiser, Jerome"]
[Result "0-1"]
[WhiteElo "537"]
[BlackElo "633"]
[PlyCount "84"]
[EventDate "2023.04.07"]
[EventType "match (corr)"]
[EventRounds "2"]
[EventCountry "GER"]
[SourceTitle "Corr 2024"]
[Source "ChessBase"]
[SourceDate "2023.10.19"]
[SourceVersion "1"]
[SourceVersionDate "2023.10.19"]
[SourceQuality "1"]

1. e4 e5 2. Nf3 Nc6 3. Bc4 h6 4. 0-0 Bc5 5. c3 Nf6 6. Qb3 0-0 7. d3 d6 8. d4 exd4 9. cxd4 Nxd4 10. Nxd4 Bxd4 11. Be3 Be5 12. Bd5 c6 13. Bc4 b5 14. Bd3 Bd7 15. Nd2 a5 16. Qc2 a4 17. a3 Ng4 18. Nf3 Nxe3 19. fxe3 Qf6 20. Rfd1 d5 21. exd5 cxd5 22. Rac1 Bh3 23. Nxe5 Qxe5 24. Qe2 Bd7 25. e4 dxe4 26. Rc3 Rac8 27. Rc2 Rxc2 28. Bxc2 Bf5 29. Re1 Qxb2 30. g4 Bxg4 31. Qxe4 g6 32. Rb1 Qxa3 33. Qxg4 Qe3+ 34. Kf1 a3 35. Rb3 Qc1+ 36. Bd1 h5 37. Qb4 Qxd1+ 38. Kf2 Qc2+ 39. Kg3 a2 40. Ra3 Qb1 41. Rb3 Qg1+ 42. Kf3 a1Q 0-1

[Event "LSS ZN-2023-0-04477"]
[Site "LSS email"]
[Date "2023.04.05"]
[Round "?"]
[White "Hughes, Peter J"]
[Black "Simmons, Ernest"]
[Result "0-1"]
[WhiteElo "550"]
[BlackElo "588"]
[PlyCount "82"]
[EventDate "2023.04.05"]
[EventType "match (corr)"]
[EventRounds "2"]
[EventCountry "GER"]
[SourceTitle "Corr 2024"]
[Source "ChessBase"]
[SourceDate "2023.10.19"]
[SourceVersion "1"]
[SourceVersionDate "2023.10.19"]
[SourceQuality "1"]

1. d4 Nf6 2. c4 e6 3. Nc3 Bb4 4. Bg5 Bxc3+ 5. bxc3 0-0 6. Nf3 h6 7. Bf4 Nc6 8. e3 Nh5 9. Be2 Nxf4 10. exf4 d5 11. 0-0 Qf6 12. Qd2 dxc4 13. Bxc4 Na5 14. Ne5 Nxc4 15. Qe2 Nd6 16. c4 Qxf4 17. Rfd1 Qf6 18. c5 Nf5 19. Ng4 Qd8 20. Qd3 c6 21. Ne5 Qd5 22. Nf3 Rd8 23. Rac1 Qxa2 24. Ne5 Qd5 25. Qf3 f6 26. Ng6 Qxf3 27. gxf3 Rxd4 28. Re1 Bd7 29. Re4 Be8 30. Nf4 e5 31. Ne6 Rd7 32. f4 Bf7 33. Nd4 Rxd4 34. Rce1 Rad8 35. f3 Nh4 36. R4e3 Rd3 37. Kf2 exf4 38. Re4 Nxf3 39. Rh1 Rd2+ 40. Re2 Ne5 41. Rhe1 Bc4 0-1

[Event "LSS ZN-2023-0-04477"]
[Site "LSS email"]
[Date "2023.04.05"]
[Round "?"]
[White "Simmons, Ernest"]
[Black "Hughes, Peter J"]
[Result "1-0"]
[WhiteElo "588"]
[BlackElo "550"]
[PlyCount "85"]
[EventDate "2023.04.05"]
[EventType "match (corr)"]
[EventRounds "2"]
[EventCountry "GER"]
[SourceTitle "Corr 2024"]
[Source "ChessBase"]
[SourceDate "2023.10.19"]
[SourceVersion "1"]
[SourceVersionDate "2023.10.19"]
[SourceQuality "1"]

1. Nf3 c5 2. d3 Nc6 3. e4 e5 4. Be2 d5 5. 0-0 d4 6. h3 Nf6 7. Nbd2 Be7 8. Nc4 0-0 9. Ncxe5 Bd6 10. Nc4 Bc7 11. Bg5 h6 12. Bd2 b5 13. Na3 Ba6 14. Qc1 b4 15. Nc4 Bxc4 16. dxc4 a5 17. Bd3 Nh5 18. b3 Qd6 19. Re1 Rfe8 20. Re2 Nf4 21. Bxf4 Qd7 22. Bxc7 Qxc7 23. Qe1 Ne5 24. Nxe5 Rxe5 25. Qd2 Ra6 26. Qf4 Rae6 27. Ree1 Rf6 28. Qd2 Rh5 29. Qe2 Qe5 30. Qg4 Rg6 31. Qf3 Rhg5 32. g3 Rh5 33. Bf1 Rf6 34. Qe2 Rg5 35. Kg2 h5 36. Qd2 h4 37. g4 Kh7 38. Re2 Rxf2+ 39. Rxf2 Qxe4+ 40. Rf3 g6 41. Qxg5 Qxc2+ 42. Rf2 Qc3 43. Rxf7+ 1-0

[Event "LSS ZN-2023-0-04468"]
[Site "LSS email"]
[Date "2023.03.13"]
[Round "?"]
[White "Ventura, Bob"]
[Black "Hughes, Peter J"]
[Result "1-0"]
[WhiteElo "743"]
[BlackElo "564"]
[PlyCount "55"]
[EventDate "2023.01.27"]
[EventType "match (corr)"]
[EventRounds "2"]
[EventCountry "GER"]
[SourceTitle "Corr 2024"]
[Source "ChessBase"]
[SourceDate "2023.10.19"]
[SourceVersion "1"]
[SourceVersionDate "2023.10.19"]
[SourceQuality "1"]

1. e4 c6 2. d4 d5 3. exd5 cxd5 4. h3 b6 5. Nf3 Nf6 6. a3 Nc6 7. Bf4 Bf5 8. Bb5 Qc8 9. Ne5 Bd7 10. Nc3 e6 11. 0-0 Nxe5 12. Bxe5 Bxb5 13. Nxb5 Nd7 14. Nc7+ Kd8 15. Nxa8 Qxa8 16. Bg3 Qc8 17. Rc1 Nf6 18. c4 dxc4 19. Rc2 Ne4 20. Bh2 Nd6 21. b3 Be7 22. Bxd6 Bxd6 23. Rxc4 Qb7 24. Qh5 g6 25. Qg5+ Be7 26. Qe5 Rg8 27. Rfc1 Bg5 28. Qxg5+ 1-0

[Event "LSS ZN-2021-0-04345"]
[Site "LSS email"]
[Date "2021.10.29"]
[Round "?"]
[White "Hughes, Peter J"]
[Black "Newton, Daryl"]
[Result "0-1"]
[WhiteElo "520"]
[BlackElo "389"]
[PlyCount "68"]
[EventDate "2021.10.22"]
[EventType "match (corr)"]
[EventRounds "2"]
[EventCountry "GER"]
[SourceTitle "Corr 2024"]
[Source "ChessBase"]
[SourceDate "2023.10.19"]
[SourceVersion "1"]
[SourceVersionDate "2023.10.19"]
[SourceQuality "1"]

1. e4 Nc6 2. Nc3 e5 3. Bc4 Bc5 4. Nf3 Qe7 5. 0-0 Qf6 6. Nd5 Qd6 7. Ng5 Nh6 8. d3 a6 9. Nf3 0-0 10. Nh4 b5 11. Bb3 Nd4 12. Bxh6 Qxh6 13. Nf5 Nxf5 14. exf5 Ra7 15. f6 c6 16. Ne7+ Kh8 17. Qg4 Qxf6 18. Nf5 d5 19. Qf3 Bxf5 20. c3 Rd7 21. Bc2 Bd6 22. Rad1 Re7 23. c4 b4 24. cxd5 cxd5 25. Bb3 Rd8 26. Rfe1 Qg5 27. Bxd5 Rc8 28. Bb3 Rc6 29. Qxc6 Rd7 30. Bxf7 h6 31. Be8 e4 32. dxe4 Bh3 33. e5 Re7 34. Rxd6 Bg4 0-1

[Event "IECG CP.2007.P.00057 email"]
[Site "IECG email"]
[Date "2007.10.01"]
[Round "?"]
[White "O'Bee, Chris"]
[Black "Hughes, Peter J"]
[Result "1-0"]
[WhiteElo "2432"]
[BlackElo "688"]
[PlyCount "47"]
[EventDate "2007.10.01"]
[EventType "tourn (corr)"]
[EventRounds "6"]
[EventCountry "ARG"]
[SourceTitle "Corr 2024"]
[Source "ChessBase"]
[SourceDate "2023.10.19"]
[SourceVersion "1"]
[SourceVersionDate "2023.10.19"]
[SourceQuality "1"]

1. e4 e5 2. Nf3 Nc6 3. d4 exd4 4. Nxd4 g6 5. Be3 Bg7 6. Nc3 Nf6 7. Nxc6 bxc6 8. e5 Nd5 9. Nxd5 cxd5 10. Qxd5 c6 11. Qc5 Qc7 12. f4 d6 13. exd6 Qd7 14. 0-0-0 0-0 15. Bc4 Rb8 16. Bd4 Qb7 17. Bxg7 Kxg7 18. Qd4+ Kg8 19. Rhe1 Bg4 20. Re7 Qb6 21. Qf6 Qxb2+ 22. Qxb2 Rxb2 23. Kxb2 Bxd1 24. d7 1-0

[Event "IECG TE.2006.P.02314 email"]
[Site "IECG email"]
[Date "2006.12.20"]
[Round "?"]
[White "Feng, Jason"]
[Black "Hughes, Peter J"]
[Result "1-0"]
[WhiteElo "1394"]
[BlackElo "746"]
[PlyCount "35"]
[EventDate "2006.12.20"]
[EventType "tourn (corr)"]
[EventRounds "12"]
[SourceTitle "Corr 2024"]
[Source "ChessBase"]
[SourceDate "2023.10.19"]
[SourceVersion "1"]
[SourceVersionDate "2023.10.19"]
[SourceQuality "1"]

1. e4 c5 2. c3 Qa5 3. Nf3 Nc6 4. d4 cxd4 5. Nxd4 e6 6. Be3 Bc5 7. Nb3 Qc7 8. Bxc5 Qe5 9. f3 Nge7 10. Qd6 Qxd6 11. Bxd6 0-0 12. Na3 a6 13. Nc4 Re8 14. Nb6 Ra7 15. 0-0-0 Ng6 16. Bc5 Nce5 17. Nxc8 Ra8 18. Nb6 1-0

[Event "IECG TE.2006.P.02314 email"]
[Site "IECG email"]
[Date "2006.12.20"]
[Round "?"]
[White "Hughes, Peter J"]
[Black "Orsolic, Marijan"]
[Result "0-1"]
[WhiteElo "746"]
[BlackElo "2155"]
[PlyCount "36"]
[EventDate "2006.12.20"]
[EventType "tourn (corr)"]
[EventRounds "12"]
[SourceTitle "Corr 2024"]
[Source "ChessBase"]
[SourceDate "2023.10.19"]
[SourceVersion "1"]
[SourceVersionDate "2023.10.19"]
[SourceQuality "1"]

1. e4 c5 2. c3 Nf6 3. e5 Nd5 4. d4 cxd4 5. Qxd4 e6 6. Nf3 Nc6 7. Qe4 d6 8. Bb5 Bd7 9. Bxc6 Bxc6 10. Qd3 Qc7 11. exd6 Bxd6 12. 0-0 0-0-0 13. Nbd2 Kb8 14. Ne4 Bxh2+ 15. Nxh2 Nf6 16. Qc4 Nxe4 17. f3 Qb6+ 18. Kh1 Ng3# 0-1

[Event "IECG TE.2006.P.02123 email"]
[Site "IECG email"]
[Date "2006.03.17"]
[Round "?"]
[White "Pereira, Prashant"]
[Black "Hughes, Peter J"]
[Result "1-0"]
[WhiteElo "1302"]
[BlackElo "862"]
[PlyCount "29"]
[EventDate "2006.03.17"]
[EventType "tourn (corr)"]
[EventRounds "12"]
[SourceTitle "Corr 2024"]
[Source "ChessBase"]
[SourceDate "2023.10.19"]
[SourceVersion "1"]
[SourceVersionDate "2023.10.19"]
[SourceQuality "1"]

1. e4 c5 2. f4 Nf6 3. Nc3 d5 4. e5 d4 5. exf6 dxc3 6. fxg7 cxd2+ 7. Qxd2 Bxg7 8. c3 Qb6 9. Nf3 Bf5 10. Bc4 e6 11. 0-0 Nc6 12. Qf2 a6 13. Be3 0-0 14. Bxc5 Qa7 15. Bxa7 1-0

[Event "IECG TE.2005.P.02032 email"]
[Site "IECG email"]
[Date "2005.12.19"]
[Round "1"]
[White "Hughes, Peter J"]
[Black "Ottenweller, Wolfgang"]
[Result "0-1"]
[WhiteElo "864"]
[BlackElo "2003"]
[PlyCount "50"]
[EventDate "2005.12.19"]
[EventType "tourn (corr)"]
[EventRounds "12"]
[SourceTitle "Corr 2024"]
[Source "ChessBase"]
[SourceDate "2023.10.19"]
[SourceVersion "1"]
[SourceVersionDate "2023.10.19"]
[SourceQuality "1"]

1. e4 e5 2. Nf3 Nc6 3. c3 Nf6 4. d4 Nxe4 5. d5 Ne7 6. Nxe5 Ng6 7. Qf3 Qe7 8. Nxg6 hxg6 9. Be3 Rh5 10. c4 Rf5 11. Qe2 Nxf2 12. Bc5 Nd3+ 13. Kd1 Nxc5 14. Qd2 Ne4 15. Qd4 Nf2+ 16. Kc2 Nxh1 17. Bd3 Rf6 18. Nc3 Rf2+ 19. Ne2 Rxe2+ 20. Bxe2 Qxe2+ 21. Kb3 Nf2 22. Rc1 Ne4 23. a3 d6 24. Rc2 Nc5+ 25. Kb4 Qxc2 0-1

[Event "IECG TE.2005.P.01816 email"]
[Site "IECG email"]
[Date "2005.03.24"]
[Round "?"]
[White "Hughes, Peter J"]
[Black "Rheinstaedtler, Klaus"]
[Result "0-1"]
[WhiteElo "884"]
[BlackElo "2258"]
[PlyCount "46"]
[EventDate "2005.03.24"]
[EventType "tourn (corr)"]
[EventRounds "4"]
[SourceTitle "Corr 2024"]
[Source "ChessBase"]
[SourceDate "2023.10.19"]
[SourceVersion "1"]
[SourceVersionDate "2023.10.19"]
[SourceQuality "1"]

1. d4 Nf6 2. c4 c5 3. d5 b5 4. Nf3 Bb7 5. a4 b4 6. Nbd2 g6 7. Nb3 d6 8. Qc2 Bg7 9. e4 Nbd7 10. Bf4 0-0 11. e5 Nh5 12. Bg3 Nxg3 13. hxg3 Nxe5 14. Nxe5 Bxe5 15. 0-0-0 a5 16. Qe4 Bg7 17. Qh4 h6 18. Bd3 Qd7 19. Bc2 Qxa4 20. Kb1 Qd7 21. g4 a4 22. Nc1 b3 23. Bd3 a3 0-1

[Event "IECG TE.2005.P.01816 email"]
[Site "IECG email"]
[Date "2005.03.24"]
[Round "?"]
[White "Rheinstaedtler, Klaus"]
[Black "Hughes, Peter J"]
[Result "1-0"]
[WhiteElo "2258"]
[BlackElo "884"]
[PlyCount "41"]
[EventDate "2005.03.24"]
[EventType "tourn (corr)"]
[EventRounds "4"]
[SourceTitle "Corr 2024"]
[Source "ChessBase"]
[SourceDate "2023.10.19"]
[SourceVersion "1"]
[SourceVersionDate "2023.10.19"]
[SourceQuality "1"]

1. d4 Nf6 2. c4 c5 3. d5 b5 4. Nf3 bxc4 5. Nc3 d6 6. e4 g6 7. e5 Bg7 8. exf6 Bxf6 9. Bxc4 0-0 10. 0-0 Nd7 11. Bh6 Re8 12. Re1 Ne5 13. Nxe5 dxe5 14. Ne4 Qb6 15. Be3 Bf5 16. Bxc5 Qc7 17. d6 Qd7 18. Qd5 Be6 19. dxe7 Bxe7 20. Qxe5 Bxc4 21. Bd4 1-0